[Event "Khanty-Mansiysk FIDE GP"]
[Site "Khanty-Mansiysk"]
[Date "2015.05.26"]
[Round "11"]
[White "Giri, Anish"]
[Black "Caruana, Fabiano"]
[Result "1/2-1/2"]
[WhiteElo "2776"]
[BlackElo "2803"]
[PlyCount "74"]
[EventDate "2015.05.14"]
[EventType "tourn"]
[EventRounds "11"]
[EventCountry "RUS"]
[EventCategory "21"]
[SourceTitle "CBM 167"]
[Source "ChessBase"]
[SourceDate "2015.07.13"]
[SourceVersion "1"]
[SourceVersionDate "2015.07.13"]
[SourceQuality "1"]
[TimeControl "40/7200:20/3600:900+30"]

1. c4 {[%emt 0:00:01] One of the results that needed to go Jakovenko's way for
the Russian to qualify was for Caruana to lose. That did not come close to
happening - even though Giri's position was slightly preferable from the
opening, his attack on the kingside initiated with a quick g4 advance
backfired badly. Caruana had the much better position, he decided to play it
safe and draw the game, securing his place.} c5 {[%emt 0:00:08]} 2. Nf3 {
[%emt 0:00:21]} Nf6 {[%emt 0:00:26]} 3. Nc3 {[%emt 0:00:05]} Nc6 {[%emt 0:00:
05]} 4. e3 {[%emt 0:00:04]} e6 {[%emt 0:00:18]} 5. d4 {[%emt 0:00:08]} d5 {
[%emt 0:00:05]} 6. a3 {[%emt 0:00:13]} a6 {[%emt 0:00:24]} 7. dxc5 {[%emt 0:00:
38]} Bxc5 {[%emt 0:00:06]} 8. b4 {[%emt 0:00:03]} Ba7 {[%emt 0:00:45]} 9. Bb2 {
[%emt 0:01:09]} O-O {[%emt 0:00:24]} 10. Qc2 {[%emt 0:00:24]} Qe7 {[%emt 0:01:
05]} 11. Rd1 {[%emt 0:00:07]} Rd8 {[%emt 0:00:15]} 12. Be2 {[%emt 0:00:11]}
dxc4 {[%emt 0:01:00]} 13. Rxd8+ {[%emt 0:00:05]} Nxd8 {[%emt 0:00:18]} 14. Ne4
{[%emt 0:00:08]} Nxe4 {[%emt 0:00:25]} 15. Qxe4 {[%emt 0:00:04]} c3 {[%emt 0:
01:46]} 16. Bxc3 {[%emt 0:00:10]} Bd7 {[%emt 0:00:17]} 17. O-O {[%emt 0:00:14]}
Rc8 {[%emt 0:03:02]} 18. Bb2 $146 {[%emt 0:00:29]} (18. Rc1 Ba4 19. h4 Bb8 20.
Qb1 f5 21. g3 Nf7 22. Ba1 Rxc1+ 23. Qxc1 Bc6 24. Qc3 Nd6 25. Qc5 Bd5 26. Be5
Qd8 27. Qc2 Nf7 28. Bxb8 Qxb8 29. Nd4 Nd6 30. a4 Qc8 31. Qd1 Ne4 32. Bf1 Qc3
33. Bg2 Qxb4 34. Nxf5 Qf8 35. Bxe4 Bxe4 36. Nd4 Bd5 37. Qh5 h6 38. Qe5 Qb4 39.
f3 Qxa4 40. e4 Bc4 41. Nxe6 Qd1+ 42. Kh2 Qd2+ 43. Kg1 Qe1+ 44. Kh2 Qd2+ 45. Kg1
Qd7 46. Qb8+ Kf7 47. Nf4 a5 {Wang,H (2752)-Gelfand,B (2773) Beijing 2013 1/2-1/
2 (83)}) 18... Bc6 {[%emt 0:17:27]} 19. Qb1 {[%emt 0:03:12]} Ba4 {[%emt 0:02:
53]} 20. Bd3 {[%emt 0:03:59]} h6 {[%emt 0:00:32]} 21. Qa1 {[%emt 0:01:48]} Qf8
{[%emt 0:10:22]} 22. g4 $5 {[%emt 0:02:28]} Bb8 {[%emt 0:05:20]} 23. g5 {
[%emt 0:06:35]} hxg5 {[%emt 0:17:47]} 24. Nxg5 {[%emt 0:01:29]} f6 {[%emt 0:04:
09]} 25. Ne4 {[%emt 0:02:18]} Nf7 {[%emt 0:13:20]} 26. Qb1 {[%emt 0:05:02]} Qe7
{[%emt 0:07:52]} 27. Rc1 {[%emt 0:01:30]} Bc6 {[%emt 0:03:56]} 28. b5 {[%emt 0:
03:42]} axb5 {[%emt 0:00:58]} 29. Bxb5 {[%emt 0:00:08]} f5 {[%emt 0:08:22]} 30.
Ng3 {[%emt 0:01:50]} Ng5 {[%emt 0:02:38]} 31. Bxc6 {[%emt 0:00:30]} bxc6 {
[%emt 0:00:23]} 32. Rd1 {[%emt 0:15:14]} c5 {[%emt 0:02:00]} 33. Ba1 {[%emt 0:
02:23]} Be5 {[%emt 0:04:35]} 34. Bxe5 {[%emt 0:10:39]} Nf3+ {[%emt 0:00:03]}
35. Kg2 {[%emt 0:00:36]} Nxe5 {[%emt 0:00:03]} 36. Qb5 {[%emt 0:04:56]} Qc7 {
[%emt 0:02:46]} 37. Qa6 {[%emt 0:01:12]} Qc6+ {[%emt 0:01:30]} 1/2-1/2

[Event "Norway Chess 3rd"]
[Site "Stavanger"]
[Date "2015.06.23"]
[Round "7"]
[White "Topalov, Veselin"]
[Black "Caruana, Fabiano"]
[Result "1/2-1/2"]
[WhiteElo "2798"]
[BlackElo "2805"]
[Annotator "Ramirez Alvarez,A"]
[PlyCount "87"]
[EventDate "2015.06.16"]
[EventType "tourn"]
[EventRounds "9"]
[EventCountry "NOR"]
[EventCategory "22"]
[SourceTitle "CBM 167"]
[Source "ChessBase"]
[SourceDate "2015.07.13"]
[SourceVersion "1"]
[SourceVersionDate "2015.07.13"]
[SourceQuality "1"]

1. d4 Nf6 2. c4 g6 3. g3 c6 4. Bg2 d5 5. cxd5 cxd5 6. Nf3 Bg7 7. Nc3 O-O 8. Ne5
e6 9. O-O Nfd7 10. Nf3 Nf6 11. Bf4 Nc6 12. Ne5 Nxe5 13. Bxe5 Bd7 14. Qd2 Qe7
15. Rac1 Bc6 16. Rc2 Rfd8 17. Rfc1 Ne8 18. Bxg7 Kxg7 19. e3 Nd6 20. Ne2 Bb5 21.
Nf4 Rac8 22. h4 Rxc2 23. Rxc2 Rc8 24. Rxc8 Nxc8 25. Qa5 Qd7 26. b3 b6 27. Qc3
Qc6 {The position almost fits the description of dead drawn. With a trade on
c6 the symmetrical pawn structure would surely lead to a draw. Topalov wants
to fight for a win, but in the way that he does it is rather strange.} 28. Qa1
{threatening e4 ideas, with a discovered check down the long diagonal in case
of a capture by the d-pawn.} Qc7 29. Bh3 $2 {This move is just bad though.
Black's position is still not that much better, but White is allowing Caruana
chances for no reason.} (29. e4 dxe4 30. d5+ e5 31. Bxe4 Qe7 $15 {the knight
comes to d6 with a nice position for Black.}) 29... Qc2 {This is the point.
The queen penetrates in this square now that e4 is not really available.} 30.
a4 (30. e4 Qxe4 31. Qc3 {is still equal, but hard to play.}) 30... Ba6 31. Qa3
Qd1+ (31... Qd2 {might have been an inch more precise as it doesn't allow
White access to c1 too easily.}) 32. Kh2 Qd2 33. Bg2 $1 {in the nick of time.}
h6 (33... Qxf2 34. Qc1 {gives White enough counterplay with Qc7 coming up and
multiple threats.}) 34. a5 $1 {The only move to equalize.} Qxa5 (34... bxa5 35.
Qc5 $11) 35. Qc1 Qb4 36. e4 Qxd4 37. exd5 e5 38. Ne6+ {The final detail. The
perpetual is forced and the game ends in a draw.} fxe6 39. Qc7+ Kf6 40. Qd8+
Kf7 41. Qd7+ Kf8 42. Qd8+ Kf7 43. Qd7+ Kf8 44. Qd8+ 1/2-1/2

[Event "Norway Chess 3rd"]
[Site "Stavanger"]
[Date "2015.06.25"]
[Round "9"]
[White "Caruana, Fabiano"]
[Black "Giri, Anish"]
[Result "1/2-1/2"]
[WhiteElo "2805"]
[BlackElo "2773"]
[Annotator "Ramirez Alvarez,A"]
[PlyCount "86"]
[EventDate "2015.06.16"]
[EventType "tourn"]
[EventRounds "9"]
[EventCountry "NOR"]
[EventCategory "22"]
[SourceTitle "CBM 167"]
[Source "ChessBase"]
[SourceDate "2015.07.13"]
[SourceVersion "1"]
[SourceVersionDate "2015.07.13"]
[SourceQuality "1"]

1. e4 e5 2. Nf3 Nc6 3. Bb5 a6 4. Ba4 Nf6 5. O-O Nxe4 6. d4 b5 7. Bb3 d5 8. dxe5
Be6 9. Nbd2 Nc5 10. c3 Be7 11. Bc2 d4 12. Nb3 d3 13. Bb1 Nxb3 14. axb3 Bf5 15.
Re1 O-O 16. b4 Qd7 17. h3 Rfd8 18. g4 Bg6 19. Bf4 a5 20. bxa5 Rxa5 21. Ba2 Rf8
22. b4 Ra4 23. Qd2 Nd8 24. Bg5 c5 25. Bxe7 Qxe7 26. bxc5 Qxc5 27. Nh4 Ne6 28.
Bb3 Rxa1 29. Rxa1 {Caruana used up too much time to get to this position. With
only minutes left on the clock (around seven or eight after Rxa1) it was
Giri's duty to find the precise moves to put pressure on Caruana. Instead the
Italian player escaped easily.} Qxe5 $2 {Simply letting Caruana off the hook.}
(29... Be4 $1 30. Re1 Ba8 31. Qxd3 Qc6 32. f3 Nc5 $1 33. Qd1 Nxb3 34. Qxb3 Qh6
{was a winning line. Giri had over an hour to figure this out.} (34... g5 $1))
30. Nxg6 hxg6 31. Bxe6 fxe6 32. Qxd3 b4 33. Rc1 Qf4 34. Rf1 (34. Qe3 Qxe3 35.
fxe3 Rc8 36. c4 $11) 34... b3 35. Qxg6 Qc4 36. Re1 Rf6 37. Qe8+ Kh7 38. Qh5+ (
38. Re5 $11) 38... Rh6 39. Qe5 Rxh3 40. Qxe6 {The endgame is a draw, and with
this move Caruana completed the time control.} Qxe6 41. Rxe6 Rxc3 42. Rb6 Rc4
43. Rxb3 Rxg4+ 1/2-1/2

[Event "Dortmund SuperGM 43rd"]
[Site "Dortmund"]
[Date "2015.07.05"]
[Round "7"]
[White "Nisipeanu, Liviu Dieter"]
[Black "Caruana, Fabiano"]
[Result "0-1"]
[WhiteElo "2654"]
[BlackElo "2805"]
[Annotator "Sagar Shah"]
[PlyCount "60"]
[EventDate "2015.06.27"]
[EventType "tourn"]
[EventRounds "7"]
[EventCountry "GER"]
[EventCategory "19"]
[SourceTitle "CBM 167"]
[Source "ChessBase"]
[SourceDate "2015.07.13"]
[SourceVersion "1"]
[SourceVersionDate "2015.07.13"]
[SourceQuality "1"]

1. e4 e5 2. Nf3 Nc6 3. Bc4 Bc5 4. b4 {In the comments section to the ChessBase
report of round six, a user by the name of Omoplata wrote, "The decisive last
game Nisipeanu-Caruana hopefully won't be a bitter disappointment like
Topalov-Anand in Norway." I am sure you remember the 15 odd move theoretical
draw where neither player tried hard. Nisipeanu was going to have nothing of
that. By playing the Evans Gambit he had made his intentions clear. It was a
do or die game for him. Winning it would mean a clear first in Dortmund. A
good enough inspiration!} Bxb4 5. c3 Ba5 6. d4 d6 (6... exd4 7. O-O {leads to
exciting positions where White is ready to sacrifice as many as three pawns.
Robert Fischer- Rueben Fine is one of the classics in this line.} dxc3 8. Qb3
Qe7 9. Nxc3 Nf6 10. Nd5 Nxd5 11. exd5 Ne5 12. Nxe5 Qxe5 13. Bb2 Qg5 14. h4 Qxh4
15. Bxg7 Rg8 16. Rfe1+ Kd8 17. Qg3 {1-0 (17) Fischer,R-Fine,R New York 1963})
7. Qb3 (7. dxe5 dxe5 8. Qxd8+ Nxd8 9. Nxe5 Be6 $11 {gives Black a very
comfortable position.}) 7... Qd7 (7... Qe7 {might seem more natural as it
doesn't block the c8-bishop but after} 8. d5 Nd4 9. Nxd4 (9. Qa4+ Qd7 10. Qxa5
Nc2+ $13) 9... exd4 10. Qa4+ Bd7 11. Qxa5 Qxe4+ 12. Kd1 $13 {The position is
interesting and White is not worse.}) 8. dxe5 (8. O-O {is another way to play.
A sample line could possibly go something like this:} Bb6 9. Bb5 a6 10. Ba4 Ba7
11. d5 $2 (11. Bxc6 Qxc6 12. dxe5 dxe5 13. Nxe5 Qe6 $15 {is also better for
Black.}) 11... b5 12. dxc6 Qxc6 $19) 8... Bb6 $1 (8... dxe5 9. O-O Bb6 (9...
Nf6 $2 10. Rd1 Qe7 11. Ba3 $18) 10. Rd1 Qe7 11. Ba3 Qf6 $13) 9. a4 (9. exd6 $6
Na5 $1 10. Qb4 Nxc4 11. Qxc4 Qxd6 $15) 9... Na5 10. Qa2 Nxc4 11. Qxc4 Ne7 12.
Ba3 $2 {At this point it would a good question to ask whether Nisipeanu knew
about the top level battle between Nakamura and Anand which occured in
December 2014. In a way that game showed that White has nothing at all in this
line. Yet Nisipeanu repeats it in this all important game. The fact that he
thought for 8 minutes and 53 seconds for this move clearly shows that he
hadn't prepared anything special here.} (12. exd6 cxd6 13. O-O O-O 14. Qd3 Ng6
15. a5 Bc5 16. Be3 Re8 17. Nbd2 Bxe3 18. Qxe3 d5 19. Rfe1 dxe4 20. Nxe4 Qe7 21.
Nd6 Qxe3 22. fxe3 Rd8 23. Red1 Rb8 24. Rd4 Be6 25. c4 b6 26. axb6 axb6 27. Ra7
h6 28. h3 Ra8 29. Rb7 Rdb8 30. Rc7 Ra5 31. Kh2 Rc5 32. Ra7 Kf8 33. g4 Ra5 34.
Rc7 {1/2-1/2 (36) Nakamura,H (2775)-Anand,V (2793) London 2014} Rc5 35. Ra7 Ra5
36. Rc7 {1/2-1/2 (36) Nakamura,H (2775)-Anand,V (2793) London 2014}) 12... O-O
{A very practical choice by Fabiano.} (12... d5 {was also pretty good.} 13.
exd5 Qxd5 {When White is struggling with his broken pawn structure.} 14. Qe2
Ng6 $17 {[%cal Gg6f4]}) 13. O-O Re8 ({Much more accurate could have been} 13...
Ng6 14. exd6 cxd6 15. Rd1 Qg4 $1 {Ne5 is a huge threat now.} 16. h3 (16. Rxd6
$2 Nf4 17. Qf1 Nh3+ 18. Kh1 Nxf2+ $19) 16... Ne5 $1 17. hxg4 Nxc4 $15 {with a
clearly better position for Black.}) 14. exd6 cxd6 15. Rd1 Qc6 16. Nbd2 Be6 17.
Qxc6 Nxc6 18. Bxd6 {So White has won a pawn. But look at the Black pieces.
They are perfectly positioned. White pawns are isolated and weak. Add to the
fact that he has the bishop pair, I would say that Caruana has excellent
compensation.} Rad8 19. Bb4 (19. e5 f6 $1 $15 {would have been difficult to
counter.} 20. Ne4 fxe5 21. Nxe5 $2 (21. Ba3 $15) 21... Nxe5 22. Bxe5 Rxd1+ 23.
Rxd1 Bb3 $19) 19... Rd3 20. a5 Bc7 21. Nf1 Rxd1 (21... Red8 {looks natural but
allows White to equalise after} 22. Rxd3 Rxd3 23. Ne3 $11 {when it's not clear
what Black's next plan should be.}) 22. Rxd1 Nxa5 $15 {The pawn has been won
back and all the advantages have been retained.} 23. Nd4 Nc4 $1 {One of
Caruana's and also an excellent quality of the top players is that they know
exactly when to trade one advantage for another. They are not attached to one
particular advantage. For example here, the bishop pair was Black's big asset,
but Fabiano is ready to give up his e6 bishop. He realises that it is much
more important to get the knight to c4 who then helps him to get his a-pawn
rolling down the board.} 24. Nxe6 Rxe6 25. Rd7 Rc6 (25... Bb6 26. Rxb7 h5 $15 {
would also have given Black the advantage in spite of being a pawn down.}) 26.
Ng3 {White has the plan to play Ne2 or f5-d4.} g6 27. Ne2 a5 $1 {No time to
waste!} 28. Nd4 {This was White's idea with getting his knight from f1-g3-e2.
But Caruana had seen a move further here.} (28. Be7 Nb6 29. Rd1 Re6 30. Bd8
Bxd8 31. Rxd8+ Kg7 $17) 28... axb4 $1 29. Nxc6 b3 $1 (29... bxc6 30. Rxc7 $18)
30. Rxc7 (30. Nb4 b2 31. Rd1 Nd2 $19) (30. Na7 $5 {was relatively best but
after} b2 31. Rd1 {Black has to find} Bf4 $1 ({The natural} 31... Nd2 $2 {
is a mistake because of} 32. Nb5 $1 $11) 32. Rb1 Bc1 $19 {with Nd2 to follow.})
(30. Ne7+ Kf8 31. Rxc7 Nd6 $19 {is similar to the game.}) 30... Nd6 $1 {
Ortueta Esteban,M-Sanz Aguado,J Madrid game 1934 0-1 A very nice finish to the
game. White is a rook up but can do absolutely nothing to stop the b-pawn from
queening. It is quite possible that we could criticize Nisipeanu for choosing
the Evans Gambit. But I think the problem here was not with the opening choice
but with the fact that Nisipeanu could not come up with an improvement to the
game Nakamura-Anand. As for Caruana, he played a fine game making absolutely
no mistakes and winning the tournament. And guess what, with 11 Elo points
gained, he is back to 2808! After the game Caruana tweeted, "That was my
Ortueta-Sanz." Here's the game for you to play over and enjoy the similarity.}
0-1

[Event "Sinquefield Cup 3rd"]
[Site "Saint Louis"]
[Date "2015.08.25"]
[Round "3"]
[White "Nakamura, Hikaru"]
[Black "Caruana, Fabiano"]
[Result "1/2-1/2"]
[WhiteElo "2814"]
[BlackElo "2808"]
[Annotator "Krasenkow,M"]
[PlyCount "151"]
[EventDate "2015.08.23"]
[EventType "tourn"]
[EventRounds "9"]
[EventCountry "USA"]
[EventCategory "22"]
[SourceTitle "CBM 168"]
[Source "ChessBase"]
[SourceDate "2015.09.14"]
[SourceVersion "1"]
[SourceVersionDate "2015.09.14"]
[SourceQuality "1"]

1. d4 Nf6 2. c4 g6 3. Nc3 d5 4. Qb3 dxc4 5. Qxc4 Be6 6. Qa4+ {This move order
eliminates the line} (6. Qb5+ Nc6 (6... Bd7 7. Qb3 {- game}) 7. Nf3 Nd5 {
etc. but Black gets some other possibilities.}) 6... Bd7 (6... Nc6 7. Nf3 Bg7
8. e4 Bd7 9. Qa3 a5 10. d5 Nb4 11. Qb3 e6 12. a3 Na6 13. dxe6 Bxe6 14. Qxb7 $16
{1-0 (50) Guseinov,A (2430)-Bagirov,R (2305) Baku 1996}) (6... c6 7. Nf3 Bg7 8.
e4 O-O 9. Be2 Nbd7 10. O-O Nb6 11. Qc2 Qc7 12. h3 Rad8 13. Rd1 $14 {1-0 (62)
Kazhgaleyev,M (2626)-Vachier Lagrave,M (2684) Livry Gargan 2009}) (6... Qd7 7.
Qxd7+ Nbxd7 8. e4 c6 9. Bf4 Bg7 10. Bd3 O-O 11. Nge2 Rfd8 12. Rd1 a5 13. O-O b5
{1/2 (22) Stark,M-Santasiere,A Ventnor City 1945} 14. b3 $14) 7. Qb3 c5 $1 {
The most energetic reply.} (7... Nc6 $143 8. Nf3 Bg7 9. e4 {[%csl Gd4,Ge4] e.g.
} O-O 10. e5 Ng4 (10... Ne8 11. Be3) 11. h3 Nh6 {1-0 (35) Le Roux,J (2480)
-Pujos,S (2314) France 2004} 12. d5 $1 Na5 13. Qa3 b6 14. b4 Nb7 15. Ba6 $16)
8. d5 (8. dxc5 Na6 $1 9. Qa3 Rc8 10. b4 Nb8 {, and Black gets good counterplay
for the sacrificed pawn due to his development advantage:} 11. Qb3 Bg7 12. Bb2
a5 13. a3 Be6 14. Qa4+ Nfd7 (14... Bd7 $5) 15. e3 O-O 16. Nf3 b6 $132 {0-1 (70)
Najer,E (2661)-Paravyan,D (2478) Kaliningrad 2015}) 8... b5 {Again the most
energetic move but} (8... Qb6 {is possible, too:} 9. e4 e6 (9... Na6 10. Qxb6 (
10. Qd1 $5) 10... axb6 11. Bd2 e6 12. dxe6 Bxe6 13. Nf3 O-O-O 14. Bb5 h6 15.
O-O-O g5 16. Rhe1 Bg7 17. Na4 $36 {1-0 (28) Aleksandrov,A (2612)-Khusnutdinov,
R (2492) Moscow 2012}) 10. Nf3 Bg7 (10... exd5 11. e5 d4 12. exf6 dxc3 13. Qxc3
Be6 14. Bc4 Bxc4 15. Qxc4 Qe6+ 16. Qxe6+ fxe6 17. O-O Nc6 18. Re1 h6 19. Bf4 g5
20. Be5 Rh7 21. Rad1 Kf7 22. Bc3 $16 {1-0 (41) Mekhitarian,K (2566)-Tseitlin,M
(2389) Caleta 2014}) 11. dxe6 (11. Bc4 $5) 11... Bxe6 12. Qxb6 axb6 13. Ng5 Nc6
14. Nxe6 fxe6 15. Bd3 Nd7 16. f4 Nb4 $132 {1-0 (52) Khismatullin,D (2651)
-Khusnutdinov,R (2513) Moscow 2010}) 9. Nxb5 (9. e4 $143 c4 $1 10. Qc2 (10.
Bxc4 bxc4 $1 11. Qb7 Qb6 12. Qxa8 Ng4 13. Nd1 Bg7 14. h3 O-O 15. hxg4 Na6 16.
Qxf8+ Kxf8 $36) 10... Na6 11. Nf3 Bg7 12. Be2 O-O 13. O-O Nc5 14. Be3 Rc8 15.
Nd4 b4 16. e5 Ng4 $1 17. Bxg4 Bxg4 18. Nc6 Bf5 $1 $17 {0-1 (26) Dragun,K (2547)
-Rodshtein,M (2664) Germany 2013}) 9... Bxb5 $5 $146 {[%mdl 8]} (9... Qa5+ 10.
Nc3 Na6 11. e4 (11. f3 c4 12. Qd1 e6 13. e4 exd5 14. e5 $2 d4 $1 15. exf6 dxc3
16. bxc3 O-O-O $40 {0-1 (25) Svidler,P (2751)-Gelfand,B (2753) Jerusalem 2014})
(11. Bd2 $5) 11... Nb4 (11... c4 12. Qa3) 12. Bd2 Rb8 13. Qd1 Bg7 14. Bc4 $16 {
1-0 (42) Smyslov,V-Ragozin,V Sverdlovsk 1943}) (9... Na6 $5 {This developing
move looks appropriate. Here are some practical examples:} 10. Nc3 (10. Bf4 $5
c4 $1 (10... Qa5+ 11. Nc3 Bg7 12. Rc1 O-O 13. Qa3 Qb6 14. e4 Nb4 15. Nf3 $14 {
1-0 (28) Dragun,K (2532)-Sliwicki,D (2027) Karpacz 2013}) 11. Qxc4 Rc8 $132)
10... Rb8 11. Qd1 Qa5 12. f3 (12. Nf3 Bg7 {[%cal Rf6e4]}) 12... Bg7 13. e4 Nc7
$44 14. Kf2 $6 c4 15. g3 O-O 16. Kg2 Nfe8 17. Qd2 Nd6 18. Nh3 f5 $36 {0-1 (28)
Djurhuus,R (2447)-Hansen,E (2587) Reykjavik 2014}) 10. Qxb5+ Nbd7 {
Surprisingly, it turns out that Black obtains decent counterplay.} 11. g3 Rb8
12. Qa4 (12. Qc4 Bg7 13. Bg2 O-O 14. Nf3 Qa5+ 15. Bd2 Nb6 $1 16. Qh4 Qa6 $132)
12... Bg7 13. Bg2 O-O 14. Nh3 Nb6 15. Qxa7 Nfxd5 $44 {As a result of the
opening, Black has obtained a good compensation for the pawn: a big
development advantage. His pieces are very active, and White's bishop pair is
meaningless.} 16. O-O (16. Nf4 $5 Ra8 17. Qb7 Rb8 18. Qc6 $6 Nxf4 19. Bxf4 Bxb2
20. Rb1 Bc3+ 21. Kf1 Nc4 $1 $36) 16... Qc8 17. Qa3 Nb4 (17... e6 $5 {[%cal
Yf8d8,Rb6c4]}) 18. Qb3 Nc6 19. Bf4 Nd4 20. Qd1 e5 21. Be3 Rd8 22. Bxd4 Rxd4 (
22... cxd4 $5 $44) 23. Qc2 Rc4 24. Qd2 Rd4 25. Qc1 {White avoids the
repetition but he is not better anyway.} e4 (25... Rc4 26. Qe3) 26. e3 (26. Rb1
$5 Rc4 27. Qe3 $140 Nd5) 26... Rc4 27. Qd2 Rb4 28. Rac1 (28. Rab1 Nc4) 28...
Rxb2 29. Qd6 c4 30. Ng5 Rxa2 (30... c3 $5 31. Bxe4 Rxa2 $36) 31. Nxe4 Qf8 32.
Rfd1 Qxd6 33. Rxd6 Ra1 {Too straightforward. There was no need to trade an
active rook for a passive one.} (33... Rb2 $11) 34. Rxa1 Bxa1 {[%mdl 4096]} 35.
Rc6 Rc8 $5 {[%mdl 512] This temporary piece sacrifice leads to an endgame with
an extra pawn for White but with opposite-coloured bishops and pawns on the
same side. It looks risky but Black confidently holds his ground.} (35... f5
36. Nc5 c3 {doesn't guarantee a draw.}) 36. Rxb6 c3 37. Nxc3 Bxc3 38. Bd5 Rc7
39. h4 Kg7 40. g4 h6 41. g5 $6 {The exchange of these pawns helps Black.} (41.
h5 $5 gxh5 42. gxh5 {may be a better chance as Black's h6 pawn can be
vulnerable in some variations. Still, Black should survive.}) 41... hxg5 42.
hxg5 Rc5 $1 43. Rd6 (43. e4 Rc7 {[%cal Yc3d2]}) 43... Kf8 44. e4 Be5 45. Rd8+
Ke7 46. Ra8 Rc7 47. Kg2 Bf4 48. Ra5 Kf8 49. Bb3 Rc3 50. Rb5 Kg7 51. Bd1 Rd3 52.
Be2 Rc3 53. Rd5 Kf8 54. Bb5 Ke7 55. Kf1 Rc2 56. Be2 Rd2 57. Ra5 Rd4 58. Bf3 Rd3
59. Be2 Rd4 60. f3 Kf8 61. Ba6 Rd7 62. Bc4 Re7 63. Kg2 Re5 64. Ra8+ Re8 65. Ra5
Re5 66. Rxe5 Bxe5 67. Kh3 Bf4 68. Kg4 Bc1 69. f4 Ke7 70. f5 gxf5+ 71. Kxf5 Bb2
72. e5 Bc3 73. Bb3 Bb2 74. Bc4 Bc3 75. Bb3 Bb2 76. Bc4 1/2-1/2